|
|
|
|
| LEADER |
00000nkm a2200000 a 4500 |
| 001 |
vtls011769999 |
| 003 |
SK-MaSNL |
| 005 |
20260512124127.0 |
| 007 |
kp bo |
| 008 |
230706q1890 xo g kuhun |
| 015 |
|
|
|a SNBG
|
| 035 |
|
|
|a urn:nbn:sk:snk-km00dooh
|
| 035 |
|
|
|a urn:nbn:sk:snk-km3lym0
|
| 035 |
|
|
|a 6AFB2C3D-C5CC-4257-8191-1A343CA133F1
|
| 040 |
|
|
|a SNK
|b slo
|c SNK
|e AACR2
|
| 041 |
0 |
|
|a hun
|
| 043 |
|
|
|a e-xo---
|
| 044 |
|
|
|a xo
|c SK
|
| 072 |
|
7 |
|a 913
|x Regionálna geografia
|2 konspekt
|
| 072 |
|
7 |
|a 72
|x Architektúra
|2 konspekt
|
| 072 |
|
7 |
|a 71
|x Územné plánovanie. Urbanizmus. Pamiatková starostlivosť
|2 konspekt
|
| 080 |
|
|
|a 913(437.6)
|2 2011
|
| 080 |
|
|
|a 726.82
|2 2011
|
| 080 |
|
|
|a (084.121)
|2 2011
|
| 080 |
|
|
|a 718
|2 2011
|
| 245 |
0 |
0 |
|a Igló
|h grafika
|b Honvéd siremlék
|
| 260 |
|
|
|a [Slovensko?]
|b [vydavateľ neznámy]
|c [medzi 1890 a 1939?]
|
| 300 |
|
|
|a 1 pohľadnica
|b čiernobiela
|c 9 x 14 cm
|
| 500 |
|
|
|a Názvové údaje prevzaté z obrazovej časti pohľadnice
|
| 520 |
8 |
|
|a Zobrazenie: Pohľad na náhrobok s krížom, ktorý je obkolesený železným plôtikom. Za náhrabkom je múr cintorína
|
| 650 |
0 |
7 |
|a hroby
|2 SNKPH
|9 2947
|
| 650 |
0 |
7 |
|a cintoríny
|2 SNKPH
|9 2946
|
| 651 |
|
7 |
|a Spišská Nová Ves (Slovensko)
|2 SNKPHgeo
|9 28800
|
| 655 |
|
7 |
|a miestne pohľadnice
|2 SNKPH
|9 70510
|
| 852 |
|
|
|a Slovenská národná knižnica
|
| 958 |
|
|
|a GBN
|
| 958 |
|
|
|a ONDV
|
| 958 |
|
|
|a GC
|
| 999 |
|
|
|c 857069
|d 858999
|
| 952 |
|
|
|a SNK
|b SNK
|y PREZ
|7 0
|p 17A1243640
|o snkSP 97269
|z Adresná časť pohľadnice odtrhnutá.
|0 0
|1 0
|4 0
|d 2018-08-01
|f 1
|l 0
|r 2026-02-24 05:00:42
|w 2026-02-24
|